LEADER 02710nam 2200721 a 450 001 9910956632403321 005 20251117084422.0 010 $a9783111595290 010 $a3111595293 024 7 $a10.1515/9783111595290 035 $a(CKB)2670000000235694 035 $a(EBL)935755 035 $a(OCoLC)843635306 035 $a(SSID)ssj0000559742 035 $a(PQKBManifestationID)12250623 035 $a(PQKBTitleCode)TC0000559742 035 $a(PQKBWorkID)10567110 035 $a(PQKB)10159052 035 $a(MiAaPQ)EBC935755 035 $a(DE-B1597)60617 035 $a(OCoLC)979947299 035 $a(DE-B1597)9783111595290 035 $a(Au-PeEL)EBL935755 035 $a(CaPaEBR)ebr10590202 035 $a(Perlego)652191 035 $a(iGPub)CSPLUS0067395 035 $a(EXLCZ)992670000000235694 100 $a19830701d1982 uy 0 101 0 $aeng 135 $aur||#|||||||| 181 $ctxt$2rdacontent 182 $cc$2rdamedia 183 $acr$2rdacarrier 200 10$aExperiments in comparative intonation $ea case-study of English and German /$fMichael Scuffil 205 $aReprint 2011 210 1$aTu?bingen :$cM. Niemeyer,$d1982. 215 $a1 online resource (304 pages) 225 1 $aLinguistische Arbeiten,$x0344-6727 ;$v114 300 $aOriginally presented as the author's thesis (Ph.D.)--University of Cambridge. 311 0 $a9783484301146 311 0 $a3484301147 320 $aIncludes bibliographical references (p. 282-290). 327 $tFront matter --$t1. AIMS AND SCOPE OF THE INVESTIGATION --$t2. INTONATIONAL THEORY --$t3. GERMAN INTONATION --$t4. CONTRASTIVE STUDIES IN GERMAN AND ENGLISH INTONATION --$t5. EMPIRICAL STUDIES IN INTONOLOGY --$t6. THE PRESENT EXPERIMENT --$t7. REPORT AND DISCUSSION --$t8. CONCLUSION --$tBIBLIOGRAPHY 330 $aOriginally presented as the author's thesis (Ph.D.)--University of Cambridge. 410 0$aLinguistische Arbeiten (Max Niemeyer Verlag) ;$v114. 606 $aGerman language$xIntonation 606 $aEnglish language$xIntonation 606 $aGerman language$xGrammar, Comparative$xEnglish 606 $aEnglish language$xGrammar, Comparative$xGerman 615 0$aGerman language$xIntonation. 615 0$aEnglish language$xIntonation. 615 0$aGerman language$xGrammar, Comparative$xEnglish. 615 0$aEnglish language$xGrammar, Comparative$xGerman. 676 $a431/.6 686 $aHF 197$2rvk 700 $aScuffil$b Michael$0682256 801 0$bMiAaPQ 801 1$bMiAaPQ 801 2$bMiAaPQ 906 $aBOOK 912 $a9910956632403321 996 $aExperiments in comparative intonation$91260403 997 $aUNINA